000 00598nam a2200205 4500
003 OSt
005 20240723082053.0
006 a
008 240723b |||||||| |||| 00| 0 eng d
020 _a9789712724183
040 _aDWCL-Main lib.
_cOC
082 _aFil. 941.25 D877r 2010
100 _aPila, Rowena A.
245 _aRizal : his legacy to philippine society /
260 _aPasig City ;
_bAnvil pub. Inc. ,
_cc2010.
300 _axi,
_b158p. : ill. ;
_c26cm.
504 _aIncludes bibliographical references.
650 _a1. Rizal, Jose-Biography.
942 _2ddc
_n0
_cBK - FIL
_kFil.
999 _c2620
_d2620